<?xml version="1.0" encoding="UTF-8"?>
<collection xmlns="http://www.loc.gov/MARC21/slim">
  <record>
    <leader>00000nam  2200000   4500</leader>
    <controlfield tag="001">INLIS000000000008947</controlfield>
    <controlfield tag="005">20200708090448</controlfield>
    <datafield tag="035" ind1="#" ind2="#">
      <subfield code="a">0010-0720000038</subfield>
    </datafield>
    <controlfield tag="007">ta</controlfield>
    <controlfield tag="008">200708################f##########0#ind##</controlfield>
    <datafield tag="082" ind1="#" ind2="#">
      <subfield code="a">311.11</subfield>
    </datafield>
    <datafield tag="084" ind1="#" ind2="#">
      <subfield code="a">311.11 Sim p</subfield>
    </datafield>
    <datafield tag="100" ind1=" " ind2="#">
      <subfield code="a">Simanjuntak,.Payaman J</subfield>
    </datafield>
    <datafield tag="245" ind1="1" ind2="#">
      <subfield code="a">Pengantar Ekonomi Sumber Daya Manusia /</subfield>
      <subfield code="c">Payaman J Simanjuntak</subfield>
    </datafield>
    <datafield tag="260" ind1="#" ind2="#">
      <subfield code="a">Jakarta :</subfield>
      <subfield code="b">Lembaga Penerbit FE UI,</subfield>
      <subfield code="c">1985</subfield>
    </datafield>
    <datafield tag="300" ind1="#" ind2="#">
      <subfield code="a">vi, 138 hal. :</subfield>
      <subfield code="b">ilus ;</subfield>
      <subfield code="c">24 cm</subfield>
    </datafield>
    <datafield tag="520" ind1="#" ind2="#">
      <subfield code="a">Ekonomi menyangkut kebutuhan-kebutuhan manusia dan sumber-sumber. keinginan dan kebutuhan manusia tidak terbatas, sedang sumber-sumber selalu terbatas. Dengan demikian ilmu ekonomi berusaha menerangkan bagaimana memenuhi kebutuhan masyarakat sebanyak mungkin dengan jumlah sumber-sumber  yang terbatas. Sumber daya manusia atau human resources mengandung dua pengertian. Pertama, sumber daya manusia (SDM) mengandung pengertian usaha kerja atau jasa yang dapat diberikan dalam proses produksi. Dalam hal ini SDM mencerminkan kualitas usaha yang diberikan oleh seseorang dalam waktu tertentu untuk menghasilkan barang dan jasa. Pengertian kedua dari SDM menyangkut manusia yang mampu bekerja untuk memberikan jasa atau usaha kerja tersebut. Mampu bekerja berarti mampu melakukan kegiatan yang mempunyai nilai ekonomis, yaitu bahwa kegiatan tersebut  menghasilkan barang atau jasa untuk memenuhi kebutuhan masyarakat. Secara fisik, kemampuan bekerja diukur dengan usia. Dengan kata lain, orang dalam usia kerja dianggap mampu bekerja. Kelompok penduduk dalam usia kerja tersebut dinamakan tenaga kerja atau manpower. Secara singkat, tenaga kerja didefinisikan sebagai penduduk dalam usia kerja (working-age population).</subfield>
    </datafield>
    <datafield tag="856" ind1="#" ind2="#">
      <subfield code="a">Perpustakaan Lembaga Administrasi Negara</subfield>
    </datafield>
    <datafield tag="650" ind1="#" ind2="#">
      <subfield code="a">Ilmu ekonomi Sumber Daya Manusia</subfield>
    </datafield>
    <datafield tag="990" ind1="#" ind2="#">
      <subfield code="a">110513544</subfield>
    </datafield>
  </record>
</collection>
